[Event "GER-ch Net Amateur Gr-C Vor3"]
[Site "Playchess.com INT"]
[Date "2020.04.16"]
[Round "7"]
[White "Scholze, Konstantin"]
[Black "Radeke, Rico"]
[Result "0-1"]
[WhiteElo "1288"]
[BlackElo "1450"]
[PlyCount "86"]
[EventDate "2020.04.16"]
[EventType "swiss (blitz)"]
[EventRounds "9"]
[EventCountry "GER"]
[SourceTitle "CBM 195 Extra"]
[Source "ChessBase"]
[SourceDate "2020.05.31"]
[SourceVersion "1"]
[SourceVersionDate "2020.05.31"]
[SourceQuality "1"]

1. e4 c5 2. Bc4 Nc6 3. Nf3 d6 4. Ng5 e6 5. Qf3 Qxg5 6. d4 Qf6 7. e5 Qxf3 8. gxf3 Nxd4 9. Be3 Nxc2+ 10. Ke2 Nxa1 11. Bd3 g6 12. Nc3 Nb3 13. axb3 Bg7 14. Bf4 d5 15. b4 cxb4 16. Nb5 Kd7 17. Bc2 a6 18. Nd6 Bf8 19. Nxf7 Bg7 20. Ba4+ Ke7 21. Nxh8 Bxh8 22. Bg5+ Kf7 23. f4 b5 24. Bc2 Ne7 25. h4 Nf5 26. h5 Bg7 27. h6 Bf8 28. Bxf5 exf5 29. Bh4 Be7 30. Bxe7 Kxe7 31. Rc1 Bd7 32. Rc5 Ke6 33. Rc7 Rc8 34. Rb7 Rc2+ 35. Ke3 Rxb2 36. Ra7 Ra2 37. Rb7 b3 38. Rb6+ Ke7 39. e6 Bxe6 40. Rb7+ Bd7 41. Rb6 b2 42. Rb7 b1Q 43. Rb8 Qe4# 0-1

[Event "GER-ch Net Amateur Gr-C Vor3"]
[Site "Playchess.com INT"]
[Date "2020.04.16"]
[Round "9"]
[White "Scholze, Konstantin"]
[Black "Trube, Ted"]
[Result "1-0"]
[WhiteElo "1263"]
[BlackElo "1401"]
[PlyCount "65"]
[EventDate "2020.04.16"]
[EventType "swiss (blitz)"]
[EventRounds "9"]
[EventCountry "GER"]
[SourceTitle "CBM 195 Extra"]
[Source "ChessBase"]
[SourceDate "2020.05.31"]
[SourceVersion "1"]
[SourceVersionDate "2020.05.31"]
[SourceQuality "1"]

1. e4 e5 2. Nf3 Nc6 3. Bb5 Bc5 4. Bxc6 bxc6 5. Nxe5 Qe7 6. Qh5 g6 7. Qf3 Qxe5 8. c3 Qf6 9. d4 Bd6 10. e5 Bxe5 11. dxe5 Qxe5+ 12. Be3 d6 13. 0-0 Nf6 14. Bd4 Qd5 15. Qxf6 Rf8 16. Qg7 c5 17. Bf6 Bb7 18. f3 c4 19. Na3 Qc5+ 20. Bd4 Qd5 21. Qxh7 0-0-0 22. Qh3+ Kb8 23. Bf6 Rde8 24. Bg7 Rg8 25. Bd4 c5 26. Bf2 f5 27. Qh7 Bc6 28. b4 g5 29. bxc5 g4 30. cxd6 Qxd6 31. Qxa7+ Kc8 32. Bg3 Qd7 33. Qb8# 1-0

[Event "GER-ch Net Amateur Gr-C Vor2"]
[Site "Playchess.com INT"]
[Date "2020.04.15"]
[Round "4"]
[White "Helmer, Andreas"]
[Black "Scholze, Konstantin"]
[Result "1-0"]
[WhiteElo "1444"]
[BlackElo "1385"]
[PlyCount "89"]
[EventDate "2020.04.15"]
[EventType "swiss (blitz)"]
[EventRounds "9"]
[EventCountry "GER"]
[SourceTitle "CBM 196 Extra"]
[Source "ChessBase"]
[SourceDate "2020.07.31"]
[SourceVersion "1"]
[SourceVersionDate "2020.07.31"]
[SourceQuality "1"]

1. d4 d5 2. Nf3 e6 3. e3 Bb4+ 4. Nbd2 Bxd2+ 5. Qxd2 Nf6 6. Bd3 0-0 7. 0-0 Ng4 8. h3 Nf6 9. b3 b6 10. Bb2 Qd6 11. Ne5 Ne4 12. Bxe4 dxe4 13. Nc4 Qd5 14. Ne5 Bb7 15. c4 Qd6 16. Qe2 b5 17. Qg4 f5 18. Qg3 Qe7 19. a4 bxc4 20. Ba3 Qf6 21. Bxf8 Qxf8 22. bxc4 Qf6 23. Rfd1 g5 24. d5 f4 25. exf4 exd5 26. cxd5 Kh8 27. Qxg5 Qxg5 28. fxg5 Na6 29. Rac1 Re8 30. Nf7+ Kg8 31. Nh6+ Kg7 32. Rc4 Re5 33. Rcd4 Rxg5 34. Ng4 Nc5 35. a5 Nb3 36. Rxe4 Bxd5 37. Re7+ Kg6 38. Rxc7 Be6 39. Rd6 Kf5 40. Rcc6 Nxa5 41. Ra6 Nb7 42. Rxe6 Nc5 43. Nh6+ Kf4 44. g3+ Kf3 45. Re3# 1-0

[Event "GER-ch Net Amateur Gr-C Vor2"]
[Site "Playchess.com INT"]
[Date "2020.04.15"]
[Round "6"]
[White "Scholze, Konstantin"]
[Black "Stein, Daniel2222"]
[Result "1-0"]
[WhiteElo "1265"]
[BlackElo "1119"]
[PlyCount "45"]
[EventDate "2020.04.15"]
[EventType "swiss (blitz)"]
[EventRounds "9"]
[EventCountry "GER"]
[SourceTitle "CBM 196 Extra"]
[Source "ChessBase"]
[SourceDate "2020.07.31"]
[SourceVersion "1"]
[SourceVersionDate "2020.07.31"]
[SourceQuality "1"]

1. e4 e5 2. Nf3 Nc6 3. Bb5 Nf6 4. Bxc6 dxc6 5. Nxe5 Qd3 6. Nxd3 Bc5 7. 0-0 Bg4 8. Qe1 0-0 9. Nxc5 Rfe8 10. f3 Bh5 11. g4 Bg6 12. h4 h6 13. g5 hxg5 14. hxg5 Nh7 15. Nxb7 Rab8 16. Na5 Nxg5 17. d3 Rb6 18. Bxg5 f6 19. Be3 Rb5 20. Nxc6 Rxb2 21. Nxa7 Rxc2 22. Na3 Rc3 23. Qxc3 1-0